00617 2200229 4500001002100000005001700021008004100038035002400079040001200103082001000115090001700125100002000142245005900162260002800221300002800249650001400277850001200291990002100303990002100324990002100345990002100366YOGYA-0209000007119320090227093524.0 ind  0010-020900000071193 aYOPDYOG a613.2 a613.2bGra E aGRAIMES, Nicola a67 resep masakan super untuk otak anakcNicola Graimes aJakartabPlatinumc2008 ax, 175 hlmbilusc21 cm aIlmu gizi aYOPDYOG a34648-PD/A.08b1 a34647-PD/A.08b1 a34646-PD/A.08b1 a34645-PD/A.08b1